000 00411nam a2200157Ia 4500
008 240729s9999 xx 000 0 und d
022 _a1813-4424
245 0 _aSAHARA-J
260 _aUnited Kingdom
260 _bTaylor & Francis Group
650 _a Public aspects of medicine
650 _aMedicine
856 _uhttps://doaj.org/toc/3dbf51b752b54ae0b34c80bea58f0b61
942 _2ddc
942 _cDOAJEJ
999 _c69070
_d69070
945 _a1
_bMadushi Gamage
_c1
_dMadushi Gamage